| 000 | 01219nam a2200241Ia 4500 | ||
|---|---|---|---|
| 999 |
_c34491 _d34491 |
||
| 001 | 240 | ||
| 003 | GE_BSU | ||
| 005 | 20200131103632.0 | ||
| 008 | 181216s2005||||ge |||||||||||||| ||geo|| | ||
| 020 | _a9994081519 | ||
| 040 | _cGE_BSU | ||
| 041 | _ageo | ||
| 080 | _a330(479.22) ა-87 | ||
| 100 |
_aასათიანი, როზეტა _96565 |
||
| 245 |
_aპატარა ქვეყანას დიდი შეცდომების უფლება არა აქვს : _b(საქართველოს დამოუკიდებლობის მოპოვებიდან "ვარდების რევოლუციამდე"). ეკონ. მიმოხილვა. ნაწ. 1. / _cროზეტა ასათიანი; რედ. ლეო ჩიქავა. |
||
| 264 |
_aთბილისი : _bსიახლე, _c2005. |
||
| 300 |
_a369 გვ.; _b19 სმ. |
||
| 504 | _aბიბლიოგრ. ტექსტ. შენიშვნ. | ||
| 541 | _h20ლ. | ||
| 653 | _a საქართველოს ეკონომიკა | ||
| 700 |
_aჩიქავა, ლეო _eრედაქტორი _9691 |
||
| 942 |
_cBK _2udc |
||